[Event "Yerevan"]
[Site "Yerevan"]
[Date "1981.??.??"]
[Round "14"]
[White "Tavadian, Ragik"]
[Black "Kuzmin, Gennadi P"]
[Result "1/2-1/2"]
[WhiteElo "2200"]
[BlackElo "2545"]

1.d4 g6 2.e4 Bg7 3.Nc3 c6 4.f4 d5 5.e5 h5 6.h3 h4 7.Nf3 Bf5 8.Be3 e6 9.Qd2 Nd7
10.Bf2 Bf8 11.Be2 a6 12.O-O c5 13.Nd1 cxd4 14.Nxd4 Nc5 15.Nc3 Ne7 16.b4 Ne4
17.Nxe4 Bxe4 18.b5 Nf5 19.bxa6 bxa6 20.Bd3 Bc5 21.Nxf5 Bxf2+ 22.Qxf2 Bxf5
23.Qc5 Rc8 24.Qb4 Bxd3 25.cxd3 a5 26.Qa3 Qb6+ 27.Kh2 Qc5 28.Qa4+ Qc6 29.Qxa5 O-O
30.Qe1 Qc3 31.Qxh4 Qxd3 32.Qg5 Rc6 33.Rf3 Qf5 34.Qxf5 exf5 35.a4 Ra8 36.a5 Raa6
37.Kg3 Rc5 38.Rfa3 f6 39.exf6 Kf7 40.Kh4 Kxf6 41.Rb1 Rc4 42.Kg3 d4 43.Rb5 Rc3+
44.Rxc3 dxc3 45.Rb6+ Rxb6 46.axb6 c2 47.b7 c1=Q 48.b8=Q Qe1+ 49.Kh2 Qf2 50.Qd8+ Kf7
51.Qg5 Qe2 52.Qg3 Kf6 53.Qc3+ Kf7 54.Kg3 Qe4 55.Qf3 Qe1+ 56.Kh2 Kf6 57.g4 Qd2+
58.Kg3 Qe1+ 59.Qf2 Qc3+ 60.Kh4 fxg4 61.hxg4 Qc7 62.Qd4+ Kf7 63.Qd5+ Kf8 64.Kg5 Qe7+
65.Kxg6 Qe6+  1/2-1/2

[Event "Beersheba"]
[Site "Beersheba"]
[Date "1982.??.??"]
[Round "3"]
[White "Pasman, Michael"]
[Black "Ciocaltea, Victor"]
[Result "0-1"]
[WhiteElo "2310"]
[BlackElo "2460"]

1.d4 g6 2.e4 Bg7 3.Nc3 c6 4.f4 d5 5.e5 h5 6.Be3 Nh6 7.Nf3 Bg4 8.Be2 e6 9.Qd2 Nf5
10.Bf2 Nd7 11.g3 Bf8 12.h3 Bxf3 13.Bxf3 Bb4 14.a3 Qa5 15.g4 hxg4 16.hxg4 Rxh1+
17.Bxh1 Ne7 18.Bh4 Nb6 19.Rb1 Bxc3 20.Qxc3 Qxc3+ 21.bxc3 Rb8 22.Bf3 Nc4 23.a4 a5
24.Ke2 b5 25.Bf6 Kd7 26.Kd1 Nc8 27.Be2 Rb6 28.Bg7 bxa4 29.Ra1 Rb8 30.Bxc4 dxc4
31.Rxa4 Ra8 32.Ke2 Nb6 33.Ra3 a4 34.Kd2 Nd5 35.Bh6 Nc7 36.Ra1 Nb5 37.Bg5  0-1

[Event "Beersheba"]
[Site "Beersheba"]
[Date "1982.??.??"]
[Round "11"]
[White "Greenfeld, Alon"]
[Black "Ciocaltea, Victor"]
[Result "1/2-1/2"]
[WhiteElo "2305"]
[BlackElo "2460"]

1.d4 g6 2.e4 Bg7 3.Nc3 c6 4.Nf3 d6 5.Be2 Nf6 6.O-O O-O 7.Re1 Na6 8.Bg5 h6
9.Bf4 Nc7 10.Qd2 g5 11.Bg3 Nh5 12.Rad1 e6 13.e5 Nxg3 14.hxg3 d5 15.Bd3 b6
16.Ne2 Ba6 17.Bxa6 Nxa6 18.g4 c5 19.Ng3 cxd4 20.Nxd4 Nc5 21.Nh5 Bh8 22.Qe3 Rc8
23.c4 Re8 24.cxd5 exd5 25.Nf5 Re6 26.Qf3 Qf8 27.Rxd5 a5 28.Nd4 Ree8 29.Nf6+ Bxf6
30.Qxf6 Nd3 31.Re3 Rc1+ 32.Kh2 Nf4 33.Rd7 Rd1 34.e6 fxe6 35.Rxe6 Nxe6 36.Qg6+ Ng7
37.Rxg7+ Qxg7 38.Qxe8+ Qf8 39.Qg6+ Qg7  1/2-1/2

[Event "DSV-Turnier"]
[Site "Berlin-Ost"]
[Date "1982.??.??"]
[Round "10"]
[White "Pokojowczyk, Jerzy"]
[Black "Espig, Lutz"]
[Result "0-1"]
[WhiteElo "2420"]
[BlackElo "2425"]

1.e4 g6 2.d4 Bg7 3.Nc3 c6 4.f4 d5 5.e5 h5 6.Nf3 Nh6 7.Be3 Bg4 8.Be2 Nf5 9.Bf2 e6
10.Kf1 Bf8 11.Kg1 Be7 12.Qd2 Nd7 13.Nd1 c5 14.c3 Qa5 15.dxc5 Bxc5 16.g3 Qb6
17.Ng5 Bxf2+ 18.Nxf2 Bxe2 19.Qxe2 Rc8 20.Kg2 Ne3+ 21.Kh3 Ke7 22.Nf3 Nf5 23.Rad1 Rc4
24.Rd2 Rhc8 25.Rhd1 Qa6 26.a3 Nc5 27.Nd4 Nxd4 28.Rxd4 Nb3 29.R4d3 Nc5 30.Rd4 Na4
31.f5 exf5 32.Qe3 Nxb2 33.Rb1 f4 34.Qxf4 Rxd4 35.Qxd4 Nc4 36.Qxd5 Rc7 37.Kg2 Ne3+  0-1

[Event "Biel"]
[Site "Biel"]
[Date "1982.??.??"]
[Round "6"]
[White "Gobet, Fernand"]
[Black "Szmetan, Ricardo"]
[Result "0-1"]
[WhiteElo "2200"]
[BlackElo "2295"]

1.e4 c6 2.d4 g6 3.Nc3 Bg7 4.f4 d5 5.e5 h5 6.Nf3 Nh6 7.Be3 Bg4 8.Be2 Nf5 9.Bf2 e6
10.Qd2 Bf8 11.g3 Nd7 12.h3 Bxf3 13.Bxf3 Qa5 14.Ne2 Bb4 15.c3 Be7 16.Kf1 O-O-O
17.Kg2 Rdg8 18.g4 Nh6 19.g5 Nf5 20.a4 Nb6 21.b3 Kd7 22.Nc1 Ke8 23.Be2 Nd7
24.b4 Qc7 25.Nd3 Kf8 26.a5 b5 27.axb6 axb6 28.Ra6 Kg7 29.Rha1 Rb8 30.Qa2 Rb7
31.c4 Rc8 32.Bf3 Qd8 33.h4 dxc4 34.Qxc4 b5 35.Qc3 Nb6 36.Nc5 Bxc5 37.Qxc5 Nd5
38.Rxc6 Rxc6 39.Qxc6 Rc7 40.Qxb5 Nde3+ 41.Bxe3 Nxe3+ 42.Kg3 Qxd4 43.Ra8 Nf5+  0-1

[Event "Caorle op"]
[Site "Caorle"]
[Date "1982.??.??"]
[Round "2"]
[White "Pavicic, Zeljko"]
[Black "Sibilio, Mario"]
[Result "1-0"]
[WhiteElo "2445"]
[BlackElo "2250"]

1.e4 g6 2.d4 Bg7 3.Nc3 c6 4.f4 d5 5.e5 h5 6.Nf3 Bg4 7.Be3 Nh6 8.h3 Bxf3 9.Qxf3 Nf5
10.Bf2 h4 11.Bd3 e6 12.O-O Nd7 13.Ne2 Bf8 14.b3 Be7 15.c4 a6 16.Rfc1 Nf8
17.Rc2 Qd7 18.Rb1 Rg8 19.b4 dxc4 20.Be4 g5 21.Rxc4 gxf4 22.Rxc6 Nh7 23.Rc3 Ng5
24.Qxf4 Rc8 25.Rbc1 Rxc3 26.Rxc3 Bxb4 27.Rb3 Bd2 28.Qg4 b5 29.Rd3 Ba5 30.d5 Nh6
31.Qxh4 Bd8 32.Qxh6 Nxe4 33.Qh7 Rxg2+ 34.Kxg2  1-0

[Event "Caorle op"]
[Site "Caorle"]
[Date "1982.??.??"]
[Round "2"]
[White "Cugini, Werter"]
[Black "Djordjijevic, Slobodan"]
[Result "1-0"]
[WhiteElo "2170"]
[BlackElo "2095"]

1.e4 g6 2.d4 Bg7 3.Nc3 c6 4.Nf3 d5 5.Be2 Bg4 6.Be3 e6 7.O-O Nd7 8.h3 Bxf3
9.Bxf3 Qc7 10.Qd2 Ne7 11.exd5 cxd5 12.Bg5 Nb6 13.Bxe7 Qxe7 14.Nxd5 Nxd5 15.Bxd5 Rd8
16.Bc4 Rxd4 17.Bb5+ Kf8 18.Qe2 Qg5 19.Bd3 Rh4 20.c3 Rxh3 21.Be4 Rh5 22.Bf3 Rh6
23.g3 b6 24.Rad1 Ke7 25.Qa6 Be5 26.Qxa7+ Kf6 27.Qxb6 Rb8 28.Qa7 Qf5 29.Bg2 Qh5
30.Rfe1 Rxb2 31.Rd7 g5 32.Qe3 Bb8 33.Rd2 Rb5 34.Qd4+ Be5 35.Rxe5 Rxe5 36.f4 gxf4
37.gxf4 Qh2+ 38.Kf1 Qxf4+ 39.Qxf4+ Rf5 40.Qxf5+ Kxf5 41.a4 Rh4 42.Ra2 Rc4
43.a5 Rc7 44.a6 Ra7 45.Bb7 Ke5 46.Ke2 Kd6 47.Kd3 f5 48.Rh2 e5 49.Rxh7 Kc5
50.Rc7+ Kd6 51.Rc6+ Kd7 52.Rf6  1-0

[Event "New Delhi"]
[Site "Delhi"]
[Date "1982.??.??"]
[Round "1"]
[White "Hartston, William R"]
[Black "Koshy, Varugeese"]
[Result "0-1"]
[WhiteElo "2460"]
[BlackElo "2380"]

1.d4 g6 2.e4 Bg7 3.Nc3 c6 4.Nf3 d6 5.Be3 Qc7 6.h3 Nd7 7.a4 Ngf6 8.Qd2 O-O
9.a5 Re8 10.Bc4 Nxe4 11.Nxe4 d5 12.Bf4 e5 13.dxe5 Nxe5 14.Bb3 Bf5 15.Nd4 Bxe4
16.O-O Qd7 17.Bh6 Nc4 18.Bxc4 Bxh6 19.Qxh6 dxc4 20.Rfd1 Qe7 21.f3 Bd5 22.c3 Qe3+
23.Qxe3 Rxe3 24.Re1 Rae8 25.Rxe3 Rxe3 26.Kf2 Re7 27.Rd1 Kf8 28.Nc2 Ke8 29.g4 Re5
30.Nb4 g5 31.h4 h6 32.hxg5 hxg5 33.Rh1 Kd7 34.Rh8 Be6 35.a6 bxa6 36.Ra8 a5
37.Rxa7+ Kd6 38.Nc2 Rb5 39.Ke3 Rxb2 40.Nd4 Ra2 41.Nxe6 fxe6 42.Kd4 Ra3 43.Ke4 Ra1
44.Kd4 Rf1 45.Rxa5 e5+ 46.Ke3 Rd1 47.Ra8 Rd3+ 48.Ke2 Rxc3 49.Rd8+ Kc5 50.Rg8 Rd3
51.Rxg5 Rd5 52.Rh5 c3 53.Rh1 Kc4 54.g5 c2 55.g6 Kc3 56.g7 Rd2+ 57.Ke3 Rg2  0-1

[Event "New Delhi"]
[Site "Delhi"]
[Date "1982.??.??"]
[Round "10"]
[White "Dorfman, Josif D"]
[Black "Koshy, Varugeese"]
[Result "1-0"]
[WhiteElo "2530"]
[BlackElo "2380"]

1.d4 g6 2.e4 Bg7 3.Nc3 c6 4.f4 d5 5.e5 h5 6.Be3 Nh6 7.Nf3 Bg4 8.h3 Nf5 9.Bf2 Bxf3
10.Qxf3 h4 11.Bd3 e6 12.O-O Bf8 13.Ne2 Nd7 14.b3 Be7 15.c4 Nb6 16.c5 Nd7
17.b4 b6 18.Rfc1 Kf8 19.a4 Kg7 20.Kh2 Rh6 21.b5 bxc5 22.dxc5 Qf8 23.Bxf5 gxf5
24.Nd4 cxb5 25.c6 Nb6 26.Nxb5 Nc4 27.Rxc4 dxc4 28.c7 Rh8 29.Qc6 Qe8 30.Qxe8 Rhxe8
31.Rc1 f6 32.Nxa7 fxe5 33.Rxc4 Rxa7 34.Bxa7 Rc8 35.fxe5  1-0

[Event "BL2-N"]
[Site "Germany"]
[Date "1982.??.??"]
[Round "?"]
[White "Breyther, Ruediger"]
[Black "Reichenbach, Werner"]
[Result "1-0"]
[WhiteElo "2340"]
[BlackElo "2295"]

1.e4 g6 2.d4 Bg7 3.Nc3 c6 4.Nf3 d5 5.h3 Nh6 6.Bd3 f6 7.O-O Nf7 8.Re1 O-O
9.e5 fxe5 10.dxe5 e6 11.Bf4 c5 12.Qd2 Nc6 13.Rad1 a6 14.Bf1 b5 15.a4 b4 16.Nxd5 Qxd5
17.Qxd5 exd5 18.e6 Nfd8 19.e7 Nxe7 20.Bd6 Nf5 21.Bxf8 Bxf8 22.Rxd5 Nf7 23.Bc4 Kg7
24.Ne5 Nxe5 25.Rexe5 Ra7 26.Rd8 Bd7 27.b3 Be7 28.Rg8+ Kf6 29.Re1 Nd4 30.Rb8 Bf5
31.Rb6+ Kg7 32.Rxa6 Rc7 33.Ra8 Bxc2 34.a5 Bf6 35.a6 Kh6 36.Rf8 Kg7 37.Rf7+ Rxf7
38.Bxf7 Nc6 39.Bd5 Na7 40.Bc4 Bf5 41.Re8 Bd4 42.Re7+  1-0

[Event "BL2-N"]
[Site "Germany"]
[Date "1982.??.??"]
[Round "?"]
[White "Grzesik, Thomas"]
[Black "Reichenbach, Werner"]
[Result "1/2-1/2"]
[WhiteElo "2310"]
[BlackElo "2295"]

1.e4 g6 2.d4 Bg7 3.Nc3 c6 4.Nf3 d5 5.h3 Nh6 6.Bd3 f6 7.O-O Nf7 8.Ne2 O-O
9.c4 dxe4 10.Bxe4 Na6 11.Bd2 f5 12.Bc2 c5 13.Bc3 cxd4 14.Nexd4 e5 15.Nb5 Qe7
16.Qe1 Re8 17.b4 Bd7 18.a4 Bc6 19.Qe2 Bxf3 20.Qxf3 e4 21.Qg3 Bxc3 22.Qxc3 Nxb4
23.Bb3 a6 24.c5 axb5 25.Qxb4 bxa4 26.Rxa4 Rxa4 27.Qxa4 Rc8 28.Rc1 Kg7 29.Bxf7 Kxf7
30.Rd1 Rc6 31.Rd5 Rc7 32.Qd4 Qf6 33.Qd2 Re7 34.Qh6 Qg7 35.Qf4  1/2-1/2

[Event "Lloyds Bank op"]
[Site "London"]
[Date "1982.??.??"]
[Round "5"]
[White "Kuijf, Marinus"]
[Black "Jacobs, Byron A"]
[Result "1-0"]
[WhiteElo "2370"]
[BlackElo "2205"]

1.e4 g6 2.d4 Bg7 3.Nc3 c6 4.Bc4 d5 5.exd5 b5 6.Bb3 b4 7.Nce2 cxd5 8.Nf3 Nf6
9.O-O O-O 10.a3 bxa3 11.Rxa3 Nc6 12.Re1 Qb6 13.Nc3 e6 14.Bf4 a5 15.Na4 Qa7
16.c3 Ba6 17.Nc5 Bb5 18.Ba4 Bxa4 19.Qxa4 Rfc8 20.Ne5 Nxe5 21.Bxe5 Ne8 22.Rb3 Qe7
23.Rb7 Nc7 24.Bxg7 Kxg7 25.Qc6 Rab8 26.Ra1 Rxb7 27.Nxb7 Rb8 28.Rxa5 Ne8 29.Ra7 Qg5
30.g3 Qc1+ 31.Kg2 Qe1 32.Nc5 Rxb2 33.Nxe6+ Kh6 34.Rxf7 Rb1 35.Qxe8 Qf1+ 36.Kf3 Qd1+
37.Kf4 Qd2+ 38.Kg4 Qe2+ 39.f3 Rb8 40.Rxh7+  1-0

[Event "Marbella zt-f"]
[Site "Marbella"]
[Date "1982.??.??"]
[Round "2"]
[White "Hebden, Mark"]
[Black "Mestel, A Jonathan"]
[Result "0-1"]
[WhiteElo "2400"]
[BlackElo "2500"]

1.e4 g6 2.Nc3 c6 3.d4 Bg7 4.Nf3 d6 5.a4 Nf6 6.a5 O-O 7.Be2 d5 8.e5 Ne4 9.O-O c5
10.Bf4 Nc6 11.a6 cxd4 12.axb7 Bxb7 13.Nb5 Qb8 14.Re1 Nxe5 15.Nxe5 Bxe5 16.Bxe5 Qxe5
17.Bf1 a6 18.Nxd4 Qf6 19.Nf3 Rfe8 20.Ra3 Rac8 21.Rae3 Red8 22.c3 Qb6 23.Qe2 a5
24.Qb5 Qxb5 25.Bxb5 Bc6 26.Bxc6 Rxc6 27.Nd4 Rb6 28.f3 e5 29.fxe4 exd4 30.cxd4 Rxb2
31.e5 Rc8 32.R1e2 Rxe2 33.Rxe2 Rc4 34.Rd2 a4 35.Rd3 Rb4 36.Kf2 Rb3 37.Rd1 a3
38.Rc1 Rb8 39.Ra1 Ra8 40.Ra2 Kf8 41.Ke3 Ke7 42.Kd3 h5 43.Kc3 Ra4 44.Kd3 Kd7
45.Kc3 Kc6 46.Kb3 Kb5 47.Kc3 Ra8 48.Kb3 Ra7 49.Kc3 Ka4 50.Ra1 Rb7  0-1

[Event "Rome-B"]
[Site "Rome"]
[Date "1982.??.??"]
[Round "?"]
[White "Messa, Roberto"]
[Black "Sibilio, Mario"]
[Result "1/2-1/2"]
[WhiteElo "2350"]
[BlackElo "2200"]

1.e4 g6 2.d4 Bg7 3.Nc3 c6 4.Nf3 d5 5.Bg5 Nf6 6.exd5 cxd5 7.Bb5+ Bd7 8.Bxd7+ Nbxd7
9.O-O O-O 10.Re1 h6 11.Bh4  1/2-1/2

[Event "DDR-ch (Women) "]
[Site "Salzwedel"]
[Date "1982.??.??"]
[Round "7"]
[White "Wenzel, Sylvia"]
[Black "Manger, Carola"]
[Result "0-1"]
[WhiteElo "1940"]
[BlackElo "1925"]

1.e4 c6 2.d4 g6 3.Nc3 Bg7 4.f4 d5 5.e5 h5 6.Nf3 Nh6 7.Be3 Bf5 8.h3 e6 9.Qd2 Nd7
10.Be2 a6 11.Bf2 Bf8 12.O-O-O Be7 13.Rdg1 h4 14.Ng5 Ng8 15.Bg4 Bxg5 16.fxg5 Ne7
17.Be2 Qc7 18.Qf4 c5 19.dxc5 Nxc5 20.Bxh4 Rc8 21.Bd1 Nc6 22.Bf2 Nxe5 23.Qd4 Ncd3+
24.cxd3 Nxd3+ 25.Kd2 e5 26.Re1 Kf8 27.Qb6 Nxf2 28.Qxf2 d4 29.Ne2 Qa5+ 30.Nc3 dxc3+
31.Ke3 c2 32.Be2 Rc3+ 33.Bd3 Rxd3+  0-1

[Event "DDR-ch (Women) "]
[Site "Salzwedel"]
[Date "1982.??.??"]
[Round "13"]
[White "Burchardt Hofman, Brigitte"]
[Black "Manger, Carola"]
[Result "1-0"]
[WhiteElo "2180"]
[BlackElo "1925"]

1.e4 c6 2.d4 g6 3.Nc3 Bg7 4.Bc4 b5 5.Bb3 b4 6.Nce2 d5 7.exd5 cxd5 8.Bf4 Nf6
9.Qd2 a5 10.a3 Ne4 11.Qe3 Nc6 12.axb4 Nxb4 13.c3 Nc6 14.Bc2 Nf6 15.Nf3 O-O
16.O-O Ba6 17.Rfe1 Bb5 18.b3 Qb6 19.h3 Nh5 20.Bh6 Bxe2 21.Rxe2 Nf6 22.Bg5 Rfe8
23.Qf4 Nh5 24.Qd2 Rac8 25.Rae1 Nf6 26.Bxf6 Bxf6 27.Qf4 Qc7 28.Ne5 Nxe5 29.dxe5 Bg7
30.Re3 e6 31.Rf3 Red8 32.Re2 Qe7 33.h4 Rc7 34.h5 g5 35.Qd4 h6 36.Qd3 Rdc8
37.Qh7+ Kf8 38.Bg6 Qa3 39.Ree3 Qc1+ 40.Kh2 g4 41.Rf4 Ra7 42.Rxg4 Rxc3 43.Bd3 Bxe5+
44.Rxe5 Qd2 45.Rxe6  1-0

[Event "Bela Crkva op"]
[Site "Bela Crkva"]
[Date "1983.??.??"]
[Round "8"]
[White "Cabrilo, Goran"]
[Black "Rukavina, Josip"]
[Result "1-0"]
[WhiteElo "2445"]
[BlackElo "2465"]

1.e4 g6 2.d4 Bg7 3.Nc3 c6 4.f4 d5 5.e5 h5 6.Be3 Nh6 7.Nf3 Bg4 8.Be2 e6 9.Qd2 Nd7
10.g3 Nf5 11.Bf2 Bf8 12.h3 Bxf3 13.Bxf3 Bb4 14.a3 Qa5 15.O-O Bxc3 16.bxc3 Nb6
17.Rfb1 O-O-O 18.Qe1 Ne7 19.Rb4 Rdg8 20.Qc1 Kb8 21.Rab1 Rd8 22.Be2 Rd7 23.Qb2 Ka8
24.Qb3 Rb8 25.Bf1 Nbc8 26.c4 dxc4 27.Rxc4 h4 28.g4 Nd5 29.Rxc6 Nxf4 30.Bxh4 Nb6
31.Be1 Qd5 32.Rxb6  1-0

[Event "Frunze"]
[Site "Frunze"]
[Date "1983.??.??"]
[Round "?"]
[White "Wittmann, Walter"]
[Black "Imanaliev, Taalaibek"]
[Result "0-1"]
[WhiteElo "2435"]
[BlackElo "2200"]

1.e4 g6 2.d4 Bg7 3.Nc3 c6 4.Bc4 d6 5.Qe2 Nf6 6.e5 dxe5 7.dxe5 Nd5 8.Bd2 Be6
9.Nf3 Nxc3 10.Bxc3 Bxc4 11.Qxc4 Qd5 12.Qh4 Na6 13.O-O Rd8 14.h3 Nc7 15.Rfd1 Qxd1+
16.Rxd1 Rxd1+ 17.Kh2 Ne6 18.Ng5 Nxg5 19.Qxg5 Rd5 20.h4 h6 21.Qe3 O-O 22.Qxa7 Rd7
23.a4 e6 24.a5 Rfd8 25.b4 h5 26.f4 Bh6 27.Kg3 Rd1 28.Kf3 Rf1+ 29.Ke2 Rc1
30.Bd4 Rxc2+ 31.Kd3 Rc1 32.Qxb7 Rd1+ 33.Kc2 R1xd4 34.a6 R4d7 35.Qxc6 Bxf4
36.b5 Bxe5 37.b6 Rd2+ 38.Kb3 Rb2+ 39.Ka4 Rd1  0-1

[Event "Poutiainen mem"]
[Site "Helsinki"]
[Date "1983.??.??"]
[Round "?"]
[White "Schussler, Harry"]
[Black "Salonen, Jyrki"]
[Result "1/2-1/2"]
[WhiteElo "2485"]
[BlackElo "2285"]

1.d4 g6 2.e4 Bg7 3.Nc3 c6 4.Nf3 d5 5.h3 Nh6 6.Bf4 dxe4 7.Nxe4 O-O 8.Qd2 Nf5
9.c3 Nd7 10.Be2 Qa5 11.O-O e5 12.dxe5 Nxe5 13.Nxe5 Bxe5 14.Bxe5 Qxe5 15.Ng5 h6
16.Nf3 Qd6 17.Qxd6 Nxd6 18.Rad1 Ne4 19.Bc4 Nc5 20.Rfe1 b5 21.Bb3 Nxb3 22.axb3 Be6
23.Nd4 Bd5 24.Re7 Rfe8 25.Rxe8+ Rxe8 26.b4 Kf8 27.f3 a6 28.Kf2 Ke7 29.Re1+ Kd7
30.Rxe8 Kxe8 31.Ke3 Kd7 32.Nc2 Kd6 33.Kd4 Ba2 34.Ne3 f5 35.f4 Bb1 36.g3 a5
37.Nf1 axb4 38.cxb4 Be4 39.Ne3 Bb1 40.h4 Be4 41.g4 Ke6 42.g5 hxg5 43.hxg5 Kd6
44.Nd1 Bb1 45.Nc3 Bc2 46.Ne2 Bb3 47.Nc3 Bc2 48.Ne2 Bb3 49.Nc1 Bc2 50.Kc3 Bb1
51.Kd4  1/2-1/2

[Event "Jajce (Women)"]
[Site "Jajce"]
[Date "1983.??.??"]
[Round "6"]
[White "Veroci, Zsuzsa"]
[Black "Petrovic, Marija"]
[Result "1-0"]
[WhiteElo "2235"]
[BlackElo "2085"]

1.e4 g6 2.d4 Bg7 3.Nc3 c6 4.Nf3 d6 5.Be2 Nf6 6.O-O O-O 7.Re1 Qc7 8.e5 dxe5
9.Nxe5 Be6 10.Bf4 Qc8 11.Qd2 Rd8 12.Qe3 Nbd7 13.Rad1 Nxe5 14.Bxe5 Nd5 15.Nxd5 Rxd5
16.c4 Rd7 17.Bxg7 Kxg7 18.h4 Qg8 19.d5 cxd5 20.Bf3 Bf5 21.g4 d4 22.Rxd4 Rad8
23.Rxd7 Rxd7 24.gxf5 Qd8 25.fxg6 hxg6 26.h5 e6 27.Qe5+  1-0

[Event "Jurmala"]
[Site "Jurmala"]
[Date "1983.??.??"]
[Round "8"]
[White "Lanka, Zigurds"]
[Black "Gipslis, Aivars"]
[Result "0-1"]
[WhiteElo "2345"]
[BlackElo "2475"]

1.e4 g6 2.d4 Bg7 3.Nc3 c6 4.f4 d5 5.e5 h5 6.Be3 Nh6 7.Nf3 Bg4 8.Bd3 Nf5 9.Bf2 e6
10.h3 Bxf3 11.Qxf3 h4 12.O-O Nd7 13.Ne2 Bf8 14.a4 Be7 15.a5 Kf8 16.b3 a6
17.c4 Rc8 18.Rfc1 Kg7 19.Kh2 Nf8 20.Be1 Rc7 21.cxd5 Qxd5 22.Be4 Qd8 23.Bc3 Nd7
24.Bb2 Nb8 25.Qc3 Rd7 26.Rg1 Nh6 27.Raf1 Qg8 28.Qc1 Kf8 29.Rd1 Nf5 30.Bxf5 gxf5
31.Ba3 Bxa3 32.Qxa3+ Ke8 33.Rd3 Qf8 34.b4 Rd8 35.g4 hxg3+ 36.Rdxg3 Kd7 37.d5 cxd5
38.Qa4+ Nc6 39.b5 axb5 40.Qxb5 Rc8 41.Qxb7+ Rc7 42.Qb6 Qb4 43.Rg7 Rf8 44.Qxb4 Nxb4
45.Rb1 Nc6 46.a6 Ra7 47.Ng3 Rxa6 48.Nh5 Ra2+ 49.Kg3 Nd4 50.Nf6+ Kc6 51.Rf1 Rh8
52.Rh7 Ra3+ 53.Kg2 Ra2+ 54.Rf2 Rha8 55.Rxf7 Ne2 56.Kh2 Nxf4 57.Rxa2 Rxa2+
58.Kg3 Ng6 59.Ne8 f4+ 60.Rxf4 Nxf4 61.Kxf4 Ra4+  0-1

[Event "Poznan"]
[Site "Poznan"]
[Date "1983.??.??"]
[Round "7"]
[White "Kupka, Slavoj"]
[Black "Maciejewski, Andrzej"]
[Result "1/2-1/2"]
[WhiteElo "2360"]
[BlackElo "2345"]

1.d4 g6 2.e4 Bg7 3.Nc3 c6 4.Nf3 d6 5.Be2 Nf6 6.O-O O-O 7.a4 a5 8.Re1 Na6
9.h3 Nb4 10.Bf1 e5 11.Bg5 h6 12.Bxf6 Qxf6 13.dxe5 dxe5 14.Bc4  1/2-1/2

[Event "Kamen Piskov mem 3"]
[Site "Ruse"]
[Date "1983.??.??"]
[Round "7"]
[White "Kovacevic, Slobodan"]
[Black "Arnaudov, Petar"]
[Result "1-0"]
[WhiteElo "2320"]
[BlackElo "2345"]

1.e4 g6 2.d4 Bg7 3.Nc3 c6 4.h3 d5 5.Nf3 Nf6 6.Bd3 c5 7.e5 Ne4 8.Nxe4 dxe4
9.Bxe4 cxd4 10.Bf4 Qa5+ 11.Qd2 Qxd2+ 12.Kxd2 f5 13.Bd5 e6 14.Bb3 Nc6 15.Rhe1 Bf8
16.Ke2 h6 17.h4 Bc5 18.Rad1 Bd7 19.Rg1 O-O-O 20.a3 Kc7 21.Ba2 a5 22.Rd2 Bc8
23.Bc4 b6 24.Rgd1 Rdg8 25.Rc1 g5 26.hxg5 hxg5 27.Nxg5 Rg6 28.g3 a4 29.Nf3 Bb7
30.Rdd1 Na5 31.Bb5 Bc6 32.Bxc6 Nxc6 33.Rh1 Rgg8 34.Kd3 Rd8 35.Ng5 Kd7 36.Nf7 Rxh1
37.Rxh1 Rg8 38.Rh7 Bf8 39.Bh6 Be7 40.Bg7 b5 41.Nh8 Kc8 42.Ng6 Bc5 43.Nf4 Re8
44.Bf6 Na5 45.Ke2 Nc4 46.Nd3 Bb6 47.Be7 Bc7 48.Bf6 Bb6 49.Re7 Rxe7 50.Bxe7 Bc7
51.f4 Kd7 52.Bc5 Bb6 53.Bxb6 Nxb6 54.Nc5+ Kc6 55.Nxe6 Kd5 56.Nc7+ Kc4 57.Ne8 Kc5
58.Nd6 Nc4 59.Nxc4 bxc4 60.Kf3 Kd5 61.g4 fxg4+ 62.Kxg4 Ke6 63.Kg3  1-0

[Event "BCF-ch"]
[Site "Southport"]
[Date "1983.??.??"]
[Round "4"]
[White "Chandler, Murray G"]
[Black "Jacobs, Byron A"]
[Result "1-0"]
[WhiteElo "2485"]
[BlackElo "2255"]

1.e4 g6 2.d4 Bg7 3.Nc3 c6 4.Nf3 d5 5.e5 Bg4 6.Be2 Nd7 7.Bf4 Bxf3 8.Bxf3 e6
9.Qd2 h6 10.O-O Ne7 11.Na4 Qc7 12.b3 Nf5 13.h3 O-O 14.g4 Nh4 15.Be2 g5 16.Bg3 Ng6
17.Bd3 b5 18.Nc3 Qb6 19.Bxg6 fxg6 20.Qd3 c5 21.Nxb5 cxd4 22.Nxd4 Kh7 23.Qe3 Rac8
24.c3 Rfe8 25.Rac1 a5 26.Kg2 Qc7 27.Nb5 Qc5 28.Nd6 Bxe5 29.Qxc5  1-0

[Event "Tatran Cup"]
[Site "Stary Smokovec"]
[Date "1983.??.??"]
[Round "6"]
[White "Knezevic, Milorad"]
[Black "Petran, Peter"]
[Result "1-0"]
[WhiteElo "2435"]
[BlackElo "2295"]

1.d4 g6 2.e4 Bg7 3.Nc3 c6 4.Nf3 d5 5.h3 b5 6.a3 dxe4 7.Nxe4 Nf6 8.Nxf6+ exf6
9.Bd3 Be6 10.a4 b4 11.a5 Nd7 12.O-O O-O 13.Bf4 Re8 14.Ba6 g5 15.Bh2 Bd5 16.Bb7 Rb8
17.a6 Bf8 18.Re1 Nb6 19.Rxe8 Qxe8 20.Nd2 Qd8 21.Bxb8 Qxb8 22.Nf1 Nc4 23.b3 Nb6
24.Ne3 Qd6 25.Nxd5 Nxd5 26.Bc8 Nc3 27.Qd3 h5 28.Re1 h4 29.Bg4 Kg7 30.Bf3 Qd7
31.Qc4 Nd5 32.Bxd5 cxd5 33.Qe2 Bd6 34.Qg4 Qc7 35.Qf5 Qc3 36.Rd1 Bb8 37.Qxd5 Qxc2
38.Qf3 Qc7 39.Qe4 Qd6 40.Qb7 f5 41.Re1 Bc7 42.Re5 f6 43.Rc5  1-0

[Event "Nassau Int"]
[Site "Syosset"]
[Date "1984.08.05"]
[Round "3"]
[White "Edelman, Daniel"]
[Black "Blocker, Calvin"]
[Result "1-0"]
[WhiteElo "2255"]
[BlackElo "2400"]

1.e4 g6 2.d4 Bg7 3.Nc3 c6 4.f4 d5 5.e5 h5 6.Be3 Nh6 7.Nf3 Bg4 8.Be2 Nd7 9.g3 Nf5
10.Bf2 h4 11.Nxh4 Bxe2 12.Nxe2 Nxh4 13.gxh4 e6 14.Qd2 Rc8 15.O-O-O c5 16.Rhg1 cxd4
17.Nxd4 Nc5 18.Qe2 a6 19.Kb1 Kf8 20.Rde1 Qe7 21.f5 gxf5 22.Be3 Ne4 23.Rxg7 Kxg7
24.Rg1+ Kf8 25.Qg2 Ke8 26.Bg5 Qb4 27.Nb3 Nxg5 28.hxg5 Qe4 29.Qf2 Qxe5 30.Re1 Rxh2
31.Qg1 Rg2 32.Qxg2 Qxe1+ 33.Nc1 Qe4 34.Qh2 f4 35.Nd3 f3 36.Qh8+ Kd7 37.Qf6 Qf5
38.Ne5+ Kc7 39.Qe7+ Kb8 40.Nd7+ Ka7 41.Nc5 Rb8 42.Na4 Rc8 43.Nc5 Rb8 44.Na4 d4
45.Qd6 Qb5 46.Qxd4+ b6 47.b3 Qe2 48.Nc5 bxc5 49.Qxc5+ Kb7  1-0

[Event "Alfoldi mem (Women)"]
[Site "Budapest"]
[Date "1984.??.??"]
[Round "?"]
[White "Kurucsai, Istvanne"]
[Black "Petrovic, Marija"]
[Result "1/2-1/2"]
[WhiteElo "2070"]
[BlackElo "2125"]

1.e4 g6 2.d4 Bg7 3.Nc3 c6 4.f4 d5 5.e5 h5 6.Nf3 Nh6 7.Bd3 Bg4 8.h3 Bxf3 9.Qxf3 e6
10.Be3 h4 11.g4 hxg3 12.Qxg3 Bf8 13.h4 Nf5 14.Bxf5 gxf5 15.O-O-O Qa5 16.h5 Nd7
17.Qg5 Nb6 18.Bd2 Nc4 19.Kb1 Qb4 20.Bc1 Na3+ 21.Ka1 Nxc2+ 22.Kb1 Nxd4 23.h6 Ne2
24.Nxe2 Qe4+ 25.Ka1 Qxe2 26.Rdg1 Qf2 27.h7 Be7 28.Qg8+ Kd7 29.Qxf7 Raf8 30.Qg6 Qb6
31.Rh6 c5 32.Be3 d4 33.Bf2 Qc6 34.Qh5 Qe4 35.Bh4 Bxh4 36.Qxh4 Rf7 37.Rg8 Qc2
38.Qd8+ Kc6 39.Qe8+ Kb6 40.Qxe6+ Ka5 41.a3 Rhxh7 42.Ra8 Kb5 43.Rxh7  1/2-1/2

[Event "DDR-ch (Women)"]
[Site "Eilenburg"]
[Date "1984.??.??"]
[Round "7"]
[White "Wolf, Sylvia"]
[Black "Manger, Carola"]
[Result "1-0"]
[WhiteElo "1930"]
[BlackElo "1910"]

1.e4 c6 2.d4 g6 3.Nc3 Bg7 4.f4 d5 5.e5 h5 6.Be3 Nh6 7.h3 Bf5 8.Nf3 e6 9.Bf2 Bf8
10.a3 Be7 11.Qd2 h4 12.Ng5 Ng8 13.Ne2 Bxg5 14.fxg5 Ne7 15.Rc1 Nd7 16.Qf4 Qb6
17.b4 a5 18.c3 axb4 19.axb4 Ra2 20.Bxh4 Qa7 21.Bf2 Qa3 22.Be3 Qb2 23.g4 Bd3
24.Rh2 Ra1 25.Bd2 Bxe2 26.Rxa1 Qxa1+ 27.Kxe2 Nb6 28.Rf2 Rf8 29.Kf3 Nc4 30.Kg2 Qb1
31.Qf3 b5 32.Bd3 Qa1 33.Qe2 Kd7 34.h4 Qb2 35.Be1 Qc1 36.Bd2 Qb2 37.Be1 Qc1
38.Bd2 Qb2 39.Kg3 Qa1 40.Be1 Qc1 41.Bd2 Qb2 42.h5 gxh5 43.gxh5 Rg8 44.Bxc4 dxc4
45.Rxf7 Rxg5+ 46.Kh4 Rf5 47.Rxe7+ Kd8 48.Rxe6 Kd7 49.Rf6  1-0

[Event "DDR-ch 33th"]
[Site "Eilenburg"]
[Date "1984.??.??"]
[Round "9"]
[White "Womacka, Mathias"]
[Black "Espig, Lutz"]
[Result "1/2-1/2"]
[WhiteElo "2200"]
[BlackElo "2420"]

1.e4 g6 2.d4 Bg7 3.Nc3 c6 4.f4 d5 5.e5 h5 6.Nf3 Nh6 7.Be3 Bg4 8.Be2 e6 9.Qd2 Nd7
10.g3 Nf5 11.Bf2 b5 12.h3 Bxf3 13.Bxf3 Bf8 14.Ne2 Nb6 15.b3 a5 16.Kf1 a4
17.Kg2 Be7 18.g4 Ng7 19.Ng3 Kd7 20.gxh5 Nxh5 21.Nxh5 gxh5 22.Kh2 Qg8 23.Qd3 Qg6
24.Qxg6 fxg6 25.Be3 Raf8 26.Be2 g5 27.Raf1 gxf4 28.Bxf4 axb3 29.axb3 Na8
30.Be3 Rxf1 31.Rxf1 Nc7 32.Bd3 b4 33.Rf7 Kd8 34.Rh7 Rxh7 35.Bxh7 Ne8 36.Kg3 Kd7
37.Bh6 Nc7 38.Bg6 Nb5 39.Be3 Bd8 40.Bd3 Ke8 41.Be2 Kf8 42.Kf4 Na3 43.Bd3 Kg7
44.Bd2 Be7 45.Be3 Nb5 46.Be2 Kg6 47.Bd3+  1/2-1/2

[Event "DDR-ch (Women)"]
[Site "Eilenburg"]
[Date "1984.??.??"]
[Round "13"]
[White "Nuenchert, Eveline"]
[Black "Manger, Carola"]
[Result "1-0"]
[WhiteElo "2045"]
[BlackElo "1910"]

1.e4 c6 2.d4 g6 3.Nc3 Bg7 4.Nf3 d5 5.h3 dxe4 6.Nxe4 Nf6 7.Ng3 Nbd7 8.Bc4 Nb6
9.Bb3 Bf5 10.Nxf5 gxf5 11.Ne5 e6 12.c3 Nbd7 13.Nd3 h5 14.Qf3 Qa5 15.Bc2 Ne4
16.O-O Qd8 17.Re1 Qe7 18.Bf4 O-O-O 19.Bh2 Bh6 20.Nf4 Ng5 21.Qe2 Rdg8 22.Kh1 Qd8
23.c4 Bf8 24.Rad1 Ne4 25.d5 Bc5 26.Bxe4 fxe4 27.dxc6 bxc6 28.Qxe4 Qb6 29.Nd3 Rd8
30.b4 Be7 31.a4 Qb7 32.a5 Rhg8 33.b5 c5 34.Qxb7+ Kxb7 35.Nf4 Nf6 36.Kg1 Rd4
37.Rxd4 cxd4 38.Nd3 Rd8 39.c5 Nd5 40.c6+ Ka8 41.Rb1 Bd6 42.b6 Bxh2+ 43.Kxh2 axb6
44.axb6 Rd6 45.b7+ Kb8 46.Nc5 Rd8 47.Na6+ Ka7 48.b8=Q+ Rxb8 49.Nxb8 d3 50.Nd7  1-0